书目信息 |
| 题名: |
古文字趣谈
|
|
| 作者: | 陈炜湛 著 | |
| 分册: | ||
| 出版信息: | 广州 花城出版社 1985 |
|
| 页数: | 145页 | |
| 开本: | 19cm | |
| 丛书名: | ||
| 单 册: | ||
| 中图分类: | H121 | |
| 科图分类: | ||
| 主题词: | 汉字--文字学 | |
| 电子资源: | ||
| ISBN: | ||
| 000 | 00619nam0 2200241 45 | |
| 001 | 0185012656 | |
| 005 | 20040421100914.9 | |
| 010 | @dCNY0.75 | |
| 091 | @a10261.422 | |
| 100 | @a19951021d1985 em y0chiy0121 ea | |
| 101 | 0 | @achi |
| 102 | @aCN@b440000 | |
| 105 | @ay z 000yy | |
| 106 | @ar | |
| 200 | 10 | @a古文字趣谈@Agu wen zi qu tan@f陈炜湛著 |
| 210 | @a广州@c花城出版社@d1985 | |
| 215 | @a145页@d19cm | |
| 606 | 0 | @a汉字@x文字学 |
| 690 | @aH121@v3 | |
| 701 | 0 | @a陈炜湛@4著@Achen wei zhan |
| 801 | 0 | @aCN@b深圳图书馆@c20040421 |
| 801 | 2 | @aCN@bNLC@c20040421 |
| 905 | @f2@f1@b139192@b139194-195@dH121@e18 | |
| 古文字趣谈/陈炜湛著.-广州:花城出版社,1985 |
| 145页;19cm |
| ISBN :CNY0.75 |
| ● |
| 相关链接 |
|
|
|
|
正题名:古文字趣谈
索取号:H121/18
 
预约/预借
| 序号 | 登录号 | 条形码 | 馆藏地/架位号 | 状态 | 备注 |
| 1 | 0139192 | 000833389 | 第四借阅区/ [索取号:H121/18] | 在馆 | |
| 2 | 0139194 | 000833405 | 第四借阅区/ [索取号:H121/18] | 在馆 | |
| 3 | 0139195 | 000833370 | 密集书库/ [索取号:H121/18] | 在馆 | |
| 4 | 0139196 | 000833398 | 第二样本阅览室/ [索取号:H121/18] | 在馆 |